000 00353nam a2200145Ia 4500
008 240126s9999 xx 000 0 und d
041 _aEnglish
082 _aPRMC03-1095
100 _aVinay, B R
245 0 _aSales Force Automation
_bUma, D Milind Priolkar
260 _bPESIT
440 _aNULL
650 _aSales,Force,Automation
942 _cPR
999 _c256651
_d256651